Portfolio management (Record no. 89038)

MARC details
000 -LEADER
fixed length control field 00482nam a2200193Ia 4500
008 - FIXED-LENGTH DATA ELEMENTS--GENERAL INFORMATION
fixed length control field 230125s9999 xx 000 0 und d
041 ## - LANGUAGE CODE
Language code of text/sound track or separate title eng
082 ## - DEWEY DECIMAL CLASSIFICATION NUMBER
Classification number 658.152
Item number ICF
100 ## - MAIN ENTRY--PERSONAL NAME
Personal name ICFAI
245 ## - TITLE STATEMENT
Title Portfolio management
250 ## - EDITION STATEMENT
Edition statement 1st Ed.
260 ## - PUBLICATION, DISTRIBUTION, ETC. (IMPRINT)
Date of publication, distribution, etc. 2004
Name of publisher, distributor, etc. ICFAI publication
Place of publication, distribution, etc. Hyderabad
300 ## - PHYSICAL DESCRIPTION
Extent 652p
440 ## - SERIES STATEMENT/ADDED ENTRY--TITLE
Title ICFAI
500 ## - GENERAL NOTE
Keywords Portfolio management;ICFAI Series Book
650 ## - SUBJECT ADDED ENTRY--TOPICAL TERM
Topical term or geographic name as entry element Financial Management
700 ## - ADDED ENTRY--PERSONAL NAME
Personal name ICFAI
Holdings
Withdrawn status Lost status Damaged status Not for loan Home library Current library Date acquired Vendor Cost, normal purchase price Bill number Total Checkouts Full call number Barcode Date last seen Cost, replacement price Bill Date Koha item type Original Barcode
        Smt. Hiraben Nanavati Institute of Management & Research for Women Smt. Hiraben Nanavati Institute of Management & Research for Women 10/05/2006 ICFAI press 350.00 20506   658.152 ICF B05256 HIMR-BK-5256 25/01/2023 350.00 02/05/2006 Books B05256